| 000 | 00905nam a2200253Ia 4500 | ||
|---|---|---|---|
| 003 | OSt | ||
| 005 | 20221005111557.0 | ||
| 006 | a|||||r|||| 00| 0 | ||
| 007 | ta | ||
| 008 | 221004b |||||||| |||| 00| 0 hin d | ||
| 020 |
_a8187471379 (hbk (Set)) _c1950 |
||
| 024 | _a91035 | ||
| 037 |
_b536, 15/01/2009, Eastern Book Linkers _cTextual |
||
| 040 |
_aCRL _cCRL _bhin |
||
| 041 |
_2hin _ahin |
||
| 082 | _aO15,1A1, 111P7.1-.3 | ||
| 100 | _aराहुल | ||
| 245 | 0 | _aरामायण मूलकथा | |
| 246 | _aRāmāyaṇ mūlakathā | ||
| 260 |
_aनई दिल्ली _bस्टैण्डर्ड पब्लिशर्स इण्डिया _c2007 |
||
| 650 | _aसंस्कृत साहित्य | ||
| 942 |
_hO15,1A1, 111P7.1-.3 _cTEXL _2cc |
||
| 999 |
_c1022228 _d1022228 |
||